Indianapolis Colts Starting Quarterbacks of Super Bowl Era - Statistics

General Stats
  • This quiz has been taken 188 times
    49 since last reset
  • The average score is 18 of 43
Answer Stats
Answer % Correct
Peyton Manning
100%
Andrew Luck
97%
Anthony Richardson
97%
Philip Rivers
94%
Johnny Unitas
88%
Matt Ryan
88%
Jacoby Brissett
82%
Carson Wentz
79%
Gardner Minshew
76%
Jim Harbaugh
76%
Joe Flacco
76%
Curtis Painter
65%
Jeff George
56%
Sam Ehlinger
56%
Bert Jones
53%
Matt Hasselbeck
50%
Nick Foles
50%
Dan Orlovsky
47%
Earl Morrall
41%
Kerry Collins
35%
Jack Trudeau
32%
Josh Freeman
32%
Mike Pagel
29%
Art Schlichter
26%
Chris Chandler
26%
Brian Hoyer
24%
Scott Tolzien
21%
Gary Hogeboom
18%
Mark Hermann
18%
Marty Domres
18%
Don Majkowski
15%
Craig Erickson
12%
David Humm
12%
Gary Cuozzo
12%
Greg Landry
12%
Paul Justin
12%
Bill Troup
9%
Blair Kiel
9%
Browning Nagle
9%
Kelly Holcomb
9%
Matt Kofler
6%
Mike Kirkland
6%
Tom Ramsey
6%
No matching quizzes found
Score Distribution
Percent of People with Each Score
Percentile by Number Answered
Your Score History
You have not taken this quiz since the last reset